000 00435cam a2200181ua 4500
020 _c1.00
041 _ahin
_h
082 _a891.54
_bPRE/RA
100 _aPremchand, .
245 _aRaja hardoul our anya kahaniyam /
_cPremchand.
_hTextual Documents
250 _a3 /
_b.
260 _aIlahabad :
_bHans Prakashan ,
_c1960.
300 _a99 ; .
365 _a1.00
504 _a
942 _cBK
999 _c11633
_d11633